01651nam a2200373 a 4500001001000000003000500010005001700015008004100032010001100073011001100084040000900095090001000104100004200114245020000156260004100356500006000397502007700457590004100534590004100575590004100616590004000657650003500697650003800732650003900770650003800809700004200847856007000889901000700959942001000966942000600976999001900982952014001001952013601141000110693CHAP20220329144143.0140926s2014 mx sm |||||||spa d a107155 a108127 cCHAP aTesis1 aGonzález Jiménez, Jesús912851310aRendimimiento, precocidad y calidad de fruto de veinticinco híbridos de chile manzano (Capsicum pubescens R.& P.)h[En línea]cpor Jesús González Jiménez y Yésica Zúñiga Ocegueda. aChapingo, Méx. :bEl autor,c2014. aPara ver el contenido del material haga clic en la liga aTesis (Ing. Agr. Esp. en Fitotecnia) -- UACH. Departamento de Fitotecnia aBATCH-UPDb10c20141002lUCH01h0906 aE11695DGDb10c20140929lUCH01h1118 aE11695DGDb10c20141112lUCH01h1119 aE5765TAJb05c20140926lUCH01h110614aChile manzanoxCalidad.92244614aChile manzanoxGenética.92245614aChile manzanoxRendimiento.92246514aChile manzanoxVariedades.9224681 aZúñiga Ocegueda, Yésica9128514 aFinding aiduhttp://10.13.5.2/tesis/sist110693.pdfzTeclea aquí aBK cTESIS n0 c107155d107155 00102local4053708TESISaBCbBCcPA_TESISd2014-09-26fTESISl0oTesisp33724002423223r2019-12-31 00:00:00tc.2w2019-12-31yTESIS 00104054718TESISaBCbBCd2014-09-26fTESISl0oTesisp33724002423264r2019-12-31 00:00:00w2019-12-31yTESISzRecien adquirido